000
00298nam a22001337a 4500
008
230418b ||||| |||| 00| 0 eng d
041
_a
eng
080
_a
61
082
_a
61WAL
100
_a
4
101
_a
MJEKSI
245
_a
INSTRUMENTS FOR SURGERY OF THE HAND
_c
WALDEMAR.L
942
_2
udc
_c
BK
999
_c
59575
_d
59575